Élet a vendéglátásban A Z generáció karrierálmai
| Szerző: | |
|---|---|
| További közreműködők: | |
| Dokumentumtípus: | Diplomadolgozat |
| Kulcsszavak: | család egyensúly karrier karrierépítés Z generáció |
| Online Access: | http://dolgozattar.uni-bge.hu/60009 |
MARC
| LEADER | 00000nta a2200000 i 4500 | ||
|---|---|---|---|
| 001 | dolg60009 | ||
| 005 | 20260409145852.0 | ||
| 008 | 260409suuuu hu om 000 hun d | ||
| 040 | |a BGE Dolgozattár Repozitórium |b hun | ||
| 041 | |a hu | ||
| 100 | 1 | |a Vad Rebeka | |
| 245 | 1 | 0 | |a Élet a vendéglátásban |b A Z generáció karrierálmai |c Vad Rebeka |h [elektronikus dokumentum] |
| 520 | 3 | |a Új generáció megjelenése a munkaerőpiacon mindig érdekes kérdéseket vet fel. Főleg akkor ha sok mindenben máshogy látják a világot a Z generációhoz tartozók. Vajon hogyan fognak belépni a munkaerőpiacra? Kutatás legfőbb célja, hogy megismerje a Z generáció jövőbeli munkahelyi, illetve magánéleti elképzelésit a vendéglátás szektorban. Milyen elképzeléseik vannak a munkavállalással kapcsolatban, a karrierük elképzelésével, illetve a családalapítással kapcsolatban, a megfelelő munka és magánélet közötti egyensúly fenntartásával. | |
| 695 | |a család | ||
| 695 | |a egyensúly | ||
| 695 | |a karrier | ||
| 695 | |a karrierépítés | ||
| 695 | |a Z generáció | ||
| 700 | 1 | |a Adorján Krisztián |e ths | |
| 856 | 4 | 0 | |u http://dolgozattar.uni-bge.hu/60009/1/Szakdolgozat_Vad_Rebeka_TV.pdf |z Dokumentum-elérés |
| 856 | 4 | 0 | |u http://dolgozattar.uni-bge.hu/60009/2/Vad%20Rebeka.pdf |z Dokumentum-elérés |
| 856 | 4 | 0 | |u http://dolgozattar.uni-bge.hu/60009/3/Szakdolgozat%20b%C3%ADr%C3%A1lati%20lap%20magyar%202025%20Vad%20Rebeka.pdf |z Dokumentum-elérés |